Recursos para el éxito : (Registro nro. 185)

Detalles MARC
000 -CABECERA
Campo de control 00805nam a2200217 a 4500
005 - FECHA Y HORA DE LA ULTIMA TRANSACCION
Campo de control 20191224041516.0
008 - ELEMENTOS DE LONGITUD FIJA—INFORMACION GENERAL
Campo de control 140219t1993 -us fr|||| 000 0 esp d
040 ## - FUENTE DE CATALOGACIÓN
Agencia catalogadora original CO-BoIAVH
Agencia transcriptora CO-BoIAVH
041 0# - IDIOMA
Código de idioma para texto/pista de sonido o título separado Español
044 ## - PAÍS DE PUBLICACIÓN
País de publicación Estados Unidos
082 04 - NUMERO DE CLASIFICACION DECIMAL DEWEY
Número de clasificación 577
Número del ítem N28r
110 2# - ASIENTO PRINCIPAL--NOMBRE CORPORATIVO
Unidad subordinad The Nature Conservancy. Programa para América Latina y el Caribe
9 (RLIN) 51853
245 10 - MENCION DE TITULO
Título Recursos para el éxito :
Parte restante del título un manual para organizaciones ecologistas de América Latina y el Caribe /
Mención de responsabilidad The Nature Conservancy. Programa para América Latina y el Caribe
260 ## - PUBLICACION, DISTRIBUCION, ETC. (PIE DE IMPRENTA)
Lugar de publicación, distribución, etc. Arlington :
Nombre del editor, distribuidor, etc. Nature Conservancy ,
Fecha de publicación, distribución, etc. c1993.
300 ## - DESCRIPCION FISICA
Extensión 138 páginas ;
Dimensiones 28 x 22 cm.
650 #6 - ASIENTO SECUNDARIO DE MATERIA - TERMINO TEMATICO
Término temático o nombre geográfico como elemento de entrada Administración ambiental
9 (RLIN) 466
650 #6 - ASIENTO SECUNDARIO DE MATERIA - TERMINO TEMATICO
Término temático o nombre geográfico como elemento de entrada Planificación estratégica
9 (RLIN) 51855
662 ## - ASIENTO SECUNDARIO DE MATERIA - JERARQUIA DEL NOMBRE DE LUGAR(
Jurisdicción política intermedia Islas del Caribe
662 ## - ASIENTO SECUNDARIO DE MATERIA - JERARQUIA DEL NOMBRE DE LUGAR(
Jurisdicción política intermedia América Latina
942 ## - ELEMENTOS ADICIONALES (KOHA)
Tipo de ítem Libro
Sistema de clasificación Dewey Decimal Classification
Existencias
Withdrawn status Lost status Sistema de Clasificación Damaged status No para préstamo Colección Inventariado Ubicación Permanente Ubicación actual Fecha de adquisición Fuente de Valor Valor Total Checkouts Número topográfico Inventario / Código de Barras Date last seen Ejemplar Price effective from Forma de adquisición Tipo de material
    Dewey Decimal Classification     General Inventariado 2017 Bogotá Bogotá 23/12/1997 Instituto 39000.00   LB-577 N28r 000231 04/12/2012 Ej. 1 04/12/2012   Libro